| 000 | 02006nam0a2200373 4500 | ||
|---|---|---|---|
| 001 | RU\NLR\bibl\68620 | ||
| 005 | 20260407052752.0 | ||
| 010 |
_a5-89519-043-Х _9150 |
||
| 021 |
_aRU _b1999-47052 _92324 |
||
| 035 | _a(NLR Aleph) 000066935 | ||
| 090 |
_a367326 _c367326 |
||
| 100 | _a20000204d1999 |||y0rusy50 ca | ||
| 101 | 0 |
_arus _deng _eeng |
|
| 102 | _aRU | ||
| 105 | _ay ||||||||| | ||
| 200 | 1 |
_aВопросы формирования промышленной политики России на современном этапе _f[Акад. Некипелов А.Д., к.э.н. Гаврилов В.Н., д.э.н. Волошин В.И. и др.] _gРос. акад. наук, Ин-т междунар. экон. и полит. исслед. Центр исслед. пром. политики |
|
| 210 |
_aМ _cЭПИКОН _d1999 |
||
| 215 |
_a208 с. _d20 |
||
| 300 | _aНа обл.: Российская академия наук - 275 лет | ||
| 300 | _aРез. на англ. яз. | ||
| 320 | _aБиблиогр. в конце разделов | ||
| 606 | 0 |
_aПромышленность _yРоссийская Федерация _92095506 _3RU\NLR\auth\661267907 |
|
| 686 | _aУ30(2)-18(2Р) | ||
| 701 | 1 |
_aНекипелов _bА. Д. _4070 |
|
| 701 | 1 |
_4070 _7ca _8rus _aГаврилов _bВ. Н. _cканд. экон. наук _gВладимир Николаевич _9236325 _3RU\NLR\AUTH\770236381 |
|
| 701 | 1 |
_4070 _8rus _7ca _aВолошин _bВ. И. _cд-р экон. наук _gВладимир Иванович _3RU\NLR\auth\7730667 _913685 |
|
| 712 | 0 | 2 |
_4570 _aИнститут международных экономических и политических исследований _cМосква _bЦентр исследований промышленной политики _3RU\NLR\AUTH\8810022482 _9542972 |
| 801 | 0 |
_aRU _bNLR _c20000204 _gPSBO |
|
| 801 | 1 |
_aRU _bNLR _c20000204 |
|
| 852 |
_aNLR _j99-3/18209 |
||
| 942 | _cBOOK | ||
| 980 | _aNB | ||